000 00716nam a22002297a 4500
005 20170123162316.0
010 _aA-644982
020 _c00.00
035 _aA-644982
037 _bCen Lib/Ret
040 _aDPL
_bUR
082 _a846
_bآ و ا
245 _aآوازِ دوست /
_cمرتبہ صالحہ عابد حسین
246 _aAvaz-e-dost /
_bedited by Saalha Abid Husain
260 _aنیی دہلی
_bادب پبلکشانس
_c1994
270 _bنیی دہلی
_e110017
300 _a179p.
_c21cm(Hb)
650 _aاردو ادب
_v
_9114817
650 _aUrdu literature
_9114818
700 _aصالحہ عابد حسین
_9376
942 _2ddc
_cUR
_h846
_mآ و ا
999 _c106765
_d106765